00323nam a2200145Ia 450000500170000000800410001704000190005804100120007708200160008924500240010526000170012930000110014665000100015785000100016720240821094148.0131103s9999 xx 000 0 und d aLoreto College aEnglish a891.43bNCE aAao pare aur samjhe a[s.l.]c1967 a163p.  aHindi aLCBED